[Event "Pan American-ch Seniors 65"]
[Site "Florianopolis"]
[Date "2022.06.25"]
[Round "7"]
[White "Shaffer, Alexander"]
[Black "Ferreira, Jose Carlos"]
[Result "1-0"]
[WhiteElo "1781"]
[BlackElo "1683"]
[PlyCount "89"]
[EventDate "2022.06.21"]
[EventType "swiss"]
[EventRounds "9"]
[EventCountry "BRA"]
[SourceTitle "CBM 209 Extra"]
[Source "ChessBase"]
[SourceDate "2022.09.30"]
[SourceVersion "1"]
[SourceVersionDate "2022.09.30"]
[SourceQuality "1"]

1. d4 d5 2. Nf3 Nf6 3. c4 e6 4. Nc3 Be7 5. Bg5 c6 6. e3 Nbd7 7. Rc1 a6 8. cxd5 exd5 9. Bd3 b6 10. Bf4 0-0 11. h3 Re8 12. 0-0 Nf8 13. Ne5 Ne6 14. Bh2 Ng5 15. Bb1 Nge4 16. f3 Nd6 17. e4 Nc4 18. Nxc4 dxc4 19. d5 Bd6 20. Qd4 Bxh2+ 21. Kxh2 Qd6+ 22. f4 Qd8 23. Qxc4 cxd5 24. exd5 b5 25. Qd4 Qd6 26. a3 Bb7 27. Rcd1 Rac8 28. Qd3 Rcd8 29. g3 Re7 30. Rde1 Rxe1 31. Rxe1 g6 32. Rd1 Bc8 33. Qd4 Bb7 34. Ne4 Nxe4 35. Bxe4 Rc8 36. Rd2 Rc4 37. Qd3 Bc8 38. Rc2 Qc5 39. Rxc4 bxc4 40. Qd2 Qd6 41. Qd4 Bd7 42. Qxc4 Bb5 43. Qd4 f5 44. Bg2 h5 45. h4 1-0

[Event "Florianopolis op 8th"]
[Site "Florianopolis"]
[Date "2022.01.26"]
[Round "4"]
[White "Da Costa, Mariana Nara Santan"]
[Black "Ferreira, Jose Carlos"]
[Result "1/2-1/2"]
[WhiteElo "1351"]
[BlackElo "1736"]
[PlyCount "111"]
[EventDate "2022.01.24"]
[EventType "swiss"]
[EventRounds "10"]
[EventCountry "BRA"]
[SourceTitle "CBM 206 Extra"]
[Source "ChessBase"]
[SourceDate "2022.03.31"]
[SourceVersion "1"]
[SourceVersionDate "2022.03.31"]
[SourceQuality "1"]

1. d4 d5 2. c4 e6 3. Nc3 Nf6 4. Nf3 Be7 5. Bf4 c6 6. e3 0-0 7. Be2 Nbd7 8. 0-0 dxc4 9. Bxc4 h6 10. Rc1 Re8 11. a3 Nd5 12. Nxd5 exd5 13. Bd3 Nf6 14. b4 a5 15. Qb3 axb4 16. axb4 Bd6 17. Bxd6 Qxd6 18. b5 Ra3 19. Qc2 Bd7 20. bxc6 Bxc6 21. Ne5 Nd7 22. Nxc6 bxc6 23. Bf5 Nb8 24. h3 g6 25. Bg4 h5 26. Bf3 Kg7 27. Qc5 Qxc5 28. Rxc5 Re7 29. Rb1 Ra8 30. Rc2 Rea7 31. Rcb2 Nd7 32. Rb7 Nf6 33. Rxa7 Rxa7 34. Rc1 Ra6 35. Kh2 Ng8 36. Be2 Rb6 37. Bd3 Ne7 38. Rb1 Rxb1 39. Bxb1 Kf6 40. Kg3 Ke6 41. Kf4 f6 42. Bd3 Kd6 43. Kf3 c5 44. dxc5+ Kxc5 45. Kf4 g5+ 46. Kg3 d4 47. exd4+ Kxd4 48. Bb5 Nf5+ 49. Kh2 Nd6 50. Be2 h4 51. Bh5 Ke4 52. Be2 Kd4 53. Ba6 Ne4 54. Kg1 f5 55. Bc8 f4 56. Kf1 1/2-1/2

[Event "Florianopolis op 8th"]
[Site "Florianopolis"]
[Date "2022.01.25"]
[Round "2"]
[White "Bittencourt, Arian G Decezare"]
[Black "Ferreira, Jose Carlos"]
[Result "1-0"]
[WhiteElo "1316"]
[BlackElo "1736"]
[PlyCount "88"]
[EventDate "2022.01.24"]
[EventType "swiss"]
[EventRounds "10"]
[EventCountry "BRA"]
[SourceTitle "EXT 2023"]
[Source "ChessBase"]
[SourceDate "2022.10.05"]
[SourceVersion "1"]
[SourceVersionDate "2022.10.05"]
[SourceQuality "1"]

1. e4 c5 2. Nc3 Nc6 3. Bb5 g6 4. Bxc6 dxc6 5. Nf3 Bg7 6. d3 e5 7. h3 f6 8. Be3 b6 9. Qd2 Be6 10. 0-0 Qc7 11. a4 Bf8 12. Ne2 Rd8 13. Qc3 Qe7 14. b4 c4 15. Rab1 cxd3 16. cxd3 Rc8 17. a5 b5 18. Nh2 Qc7 19. Rbc1 Bh6 20. Bxh6 Nxh6 21. f4 0-0 22. fxe5 Qxe5 23. Qxe5 fxe5 24. Rxf8+ Kxf8 25. Nf3 Nf7 26. Rc5 Bb3 27. Kf2 Rd8 28. Ke3 Re8 29. Rxc6 Re6 30. Rxe6 Bxe6 31. d4 exd4+ 32. Nfxd4 Bd7 33. a6 Nd6 34. Nc3 Ke7 35. Kf4 h6 36. g4 Kd8 37. e5 Ne8 38. Ncxb5 Bc8 39. Nxa7 Bxa6 40. Nac6+ Kc7 41. Ne7 Bd3 42. Ke3 Bb1 43. Nb5+ Kd7 44. Na3 Ba2 1-0

[Event "Pan American-ch U2000"]
[Site "Timbo"]
[Date "2021.12.02"]
[Round "4"]
[White "Ferreira, Jose Carlos"]
[Black "Faris, Rafael de Araujo"]
[Result "1-0"]
[WhiteElo "1748"]
[BlackElo "1707"]
[PlyCount "71"]
[EventDate "2021.12.01"]
[EventType "swiss"]
[EventRounds "9"]
[EventCountry "BRA"]
[SourceTitle "CBM 205 Extra"]
[Source "ChessBase"]
[SourceDate "2022.01.31"]
[SourceVersion "1"]
[SourceVersionDate "2022.01.31"]
[SourceQuality "1"]

1. d4 d5 2. c4 e6 3. Nc3 Nf6 4. Bg5 Nbd7 5. cxd5 exd5 6. e3 c6 7. Bd3 Bd6 8. Nge2 Qc7 9. h3 0-0 10. Qd2 Re8 11. 0-0-0 b5 12. Bf4 a5 13. Bxd6 Qxd6 14. Ng3 Nb6 15. Kb1 b4 16. Nce2 Ne4 17. Bxe4 dxe4 18. Rc1 Ba6 19. Nf4 g5 20. Nfh5 Nc4 21. Qd1 Qg6 22. Ka1 Bb5 23. h4 g4 24. Nf4 Qd6 25. Nf5 Qf8 26. Qxg4+ Kh8 27. Rh3 a4 28. Qg5 Re6 29. h5 b3 30. Ng6+ fxg6 31. hxg6 Ra7 32. Rch1 Qf6 33. Rxh7+ Rxh7 34. Rxh7+ Kg8 35. Nh6+ Kf8 36. g7+ 1-0

[Event "Pan American-ch U2000"]
[Site "Timbo"]
[Date "2021.12.01"]
[Round "2"]
[White "Ferreira, Jose Carlos"]
[Black "De Carvalho, Vitor Augusto Ponci"]
[Result "0-1"]
[WhiteElo "1748"]
[BlackElo "1862"]
[PlyCount "90"]
[EventDate "2021.12.01"]
[EventType "swiss"]
[EventRounds "9"]
[EventCountry "BRA"]
[SourceTitle "CBM 205 Extra"]
[Source "ChessBase"]
[SourceDate "2022.01.31"]
[SourceVersion "1"]
[SourceVersionDate "2022.01.31"]
[SourceQuality "1"]

1. d4 Nf6 2. Nf3 g6 3. e3 Bg7 4. Bd3 d5 5. h3 c5 6. c3 Nc6 7. Nbd2 0-0 8. 0-0 b6 9. Re1 Bb7 10. b3 Re8 11. Bb2 e5 12. dxe5 Nd7 13. Bb5 a6 14. Be2 Ndxe5 15. Rc1 Qd7 16. Nxe5 Nxe5 17. Nf3 Nc6 18. Nh2 Rad8 19. Bf3 Ne5 20. Be2 Re6 21. Qd2 Rd6 22. Qc2 Nc6 23. Nf3 Qe7 24. Rcd1 R8d7 25. Rd2 Qd8 26. Red1 d4 27. exd4 cxd4 28. cxd4 Nxd4 29. Nxd4 Bxd4 30. Bxd4 Rxd4 31. Rxd4 Rxd4 32. Rxd4 Qxd4 33. Bc4 Be4 34. Qc1 b5 35. Bf1 Kg7 36. Qe1 h6 37. Kh2 Qd6+ 38. Kg1 Qd4 39. Kh2 Bf5 40. a4 bxa4 41. bxa4 Qxa4 42. Qc3+ Kg8 43. g4 Be6 44. Qf6 Qd1 45. f4 Qxf1 0-1

[Event "American Continental 15th"]
[Site "Sao Paulo"]
[Date "2019.07.06"]
[Round "2"]
[White "Cordero, Daniela"]
[Black "Ferreira, Jose Carlos"]
[Result "1-0"]
[WhiteElo "2076"]
[BlackElo "1835"]
[PlyCount "51"]
[EventDate "2019.07.05"]
[EventType "swiss"]
[EventRounds "11"]
[EventCountry "BRA"]
[SourceTitle "CBM 191 Extra"]
[Source "ChessBase"]
[SourceDate "2019.09.30"]
[SourceVersion "1"]
[SourceVersionDate "2019.09.30"]
[SourceQuality "1"]

1. d4 d5 2. Nf3 e6 3. c4 Nf6 4. g3 dxc4 5. Qa4+ Nc6 6. Qxc4 Bd7 7. Bg2 Rb8 8. 0-0 Bd6 9. Nc3 a6 10. a4 Nb4 11. e4 b5 12. Qe2 Be7 13. axb5 axb5 14. Rd1 0-0 15. d5 exd5 16. e5 Ne8 17. Nxd5 Nxd5 18. Rxd5 c6 19. Rd1 Qc8 20. Bf4 Qc7 21. e6 fxe6 22. Nd4 Rxf4 23. gxf4 Bf6 24. Nxc6 Rb6 25. Ne5 Bc8 26. Rac1 1-0

[Event "BRA-ch Amateur U2200"]
[Site "Sao Paulo"]
[Date "2019.06.22"]
[Round "5"]
[White "Ferreira, Jose Carlos"]
[Black "Pertuzatti, Daniel"]
[Result "1-0"]
[WhiteElo "1832"]
[BlackElo "1935"]
[PlyCount "71"]
[EventDate "2019.06.20"]
[EventType "swiss"]
[EventRounds "7"]
[EventCountry "BRA"]
[SourceTitle "EXT 2020"]
[Source "ChessBase"]
[SourceDate "2019.10.17"]
[SourceVersion "1"]
[SourceVersionDate "2019.10.17"]
[SourceQuality "1"]

1. d4 d5 2. Nf3 Nf6 3. c4 c6 4. e3 Bg4 5. Nc3 e6 6. h3 Bh5 7. cxd5 exd5 8. Be2 Bd6 9. 0-0 Nbd7 10. Bd2 0-0 11. Ne1 Bg6 12. a3 Ne8 13. Bh5 f5 14. Bxg6 hxg6 15. Nd3 Nef6 16. Nf4 Qe8 17. Qb3 g5 18. Nd3 Rb8 19. f3 Qh5 20. Nf2 Kh7 21. Qc2 g6 22. e4 fxe4 23. fxe4 Bg3 24. Nh1 Qh4 25. Nxg3 Qxg3 26. Rf3 Qh4 27. Be1 Qh6 28. Bg3 Rbe8 29. Bd6 Rg8 30. exd5 cxd5 31. Raf1 Ne4 32. Nxe4 dxe4 33. Rf7+ Rg7 34. Qc7 g4 35. Qxd7 Reg8 36. Be5 1-0

[Event "BRA-ch Amateur U2200"]
[Site "Sao Paulo"]
[Date "2019.06.20"]
[Round "2"]
[White "De Carvalho, Jose Jorge"]
[Black "Ferreira, Jose Carlos"]
[Result "1-0"]
[WhiteElo "2152"]
[BlackElo "1832"]
[PlyCount "43"]
[EventDate "2019.06.20"]
[EventType "swiss"]
[EventRounds "7"]
[EventCountry "BRA"]
[SourceTitle "EXT 2020"]
[Source "ChessBase"]
[SourceDate "2019.10.17"]
[SourceVersion "1"]
[SourceVersionDate "2019.10.17"]
[SourceQuality "1"]

1. e4 c5 2. Nf3 e6 3. d4 cxd4 4. Nxd4 a6 5. c4 Qc7 6. Nc3 Nc6 7. Be3 Bb4 8. Bd3 Ne5 9. 0-0 Bxc3 10. bxc3 Nxd3 11. Qxd3 Nf6 12. f4 d6 13. Nf3 Nd7 14. f5 Ne5 15. Nxe5 dxe5 16. f6 g6 17. Rab1 b5 18. cxb5 axb5 19. Qxb5+ Bd7 20. Qb4 Bc6 21. Rfd1 Rd8 22. Bb6 1-0

[Event "BRA-ch Amateur U2200"]
[Site "Sao Paulo"]
[Date "2019.06.20"]
[Round "1"]
[White "Ferreira, Jose Carlos"]
[Black "De Magalhaes, Jonathas Jose"]
[Result "0-1"]
[WhiteElo "1832"]
[BlackElo "2094"]
[PlyCount "82"]
[EventDate "2019.06.20"]
[EventType "swiss"]
[EventRounds "7"]
[EventCountry "BRA"]
[SourceTitle "EXT 2020"]
[Source "ChessBase"]
[SourceDate "2019.10.17"]
[SourceVersion "1"]
[SourceVersionDate "2019.10.17"]
[SourceQuality "1"]

1. e4 e5 2. Nf3 Nc6 3. d4 exd4 4. Nxd4 Bc5 5. Be3 Qf6 6. c3 Nge7 7. Qd2 h6 8. Nxc6 Bxe3 9. Qxe3 dxc6 10. Qg3 Qg5 11. Nd2 Qxg3 12. hxg3 Be6 13. Bc4 Bxc4 14. Nxc4 0-0-0 15. Ne3 Rd6 16. Rd1 Re6 17. Rd4 f5 18. exf5 Nxf5 19. Rd3 Rhe8 20. 0-0 Nxe3 21. Rxe3 Rxe3 22. fxe3 Rxe3 23. Rf8+ Kd7 24. Kf2 Re8 25. Rf7+ Re7 26. Rf8 c5 27. c4 c6 28. b3 b5 29. Kf3 Kc7 30. g4 Kb6 31. Rb8+ Ka5 32. a3 bxc4 33. bxc4 Ka4 34. Rc8 Kxa3 35. Rxc6 Kb4 36. g5 hxg5 37. Ra6 Kxc4 38. Kg4 Kb5 39. Ra1 c4 40. Kxg5 c3 41. g4 Kb4 0-1

[Event "Rio de Janeiro Duchamp op"]
[Site "Rio de Janeiro"]
[Date "2017.11.15"]
[Round "6"]
[White "Fonseca, Luis Ernesto Serra"]
[Black "Ferreira, Jose Carlos"]
[Result "1-0"]
[WhiteElo "1993"]
[BlackElo "1821"]
[PlyCount "69"]
[EventDate "2017.11.11"]
[EventType "swiss"]
[EventRounds "9"]
[EventCountry "BRA"]
[SourceTitle "CBM 181 Extra"]
[Source "ChessBase"]
[SourceDate "2017.12.12"]
[SourceVersion "1"]
[SourceVersionDate "2017.12.12"]
[SourceQuality "1"]

1. e4 c5 2. Nf3 e6 3. d4 cxd4 4. Nxd4 a6 5. Bd3 Bc5 6. Nb3 Be7 7. Qg4 g6 8. Qe2 Nc6 9. 0-0 Qc7 10. f4 Nb4 11. Nc3 b5 12. Be3 Bb7 13. Rac1 Rc8 14. a3 Nxd3 15. Qxd3 Nf6 16. Bd4 0-0 17. Rcd1 d6 18. f5 e5 19. Be3 d5 20. exd5 Rfd8 21. fxg6 fxg6 22. Rxf6 Bxf6 23. Nc5 Qb8 24. Qe4 Qa8 25. Qg4 Bxd5 26. Nxd5 Bg7 27. Ne7+ Kh8 28. Nxc8 Rxd1+ 29. Qxd1 Qxc8 30. Qd7 Qxd7 31. Nxd7 Kg8 32. Kf2 Kf7 33. Bd2 e4 34. c3 a5 35. Nc5 1-0

[Event "Rio de Janeiro Duchamp op"]
[Site "Rio de Janeiro"]
[Date "2017.11.13"]
[Round "4"]
[White "Brito, Vicente de Paulo Al"]
[Black "Ferreira, Jose Carlos"]
[Result "1-0"]
[WhiteElo "2121"]
[BlackElo "1821"]
[PlyCount "131"]
[EventDate "2017.11.11"]
[EventType "swiss"]
[EventRounds "9"]
[EventCountry "BRA"]
[SourceTitle "CBM 181 Extra"]
[Source "ChessBase"]
[SourceDate "2017.12.12"]
[SourceVersion "1"]
[SourceVersionDate "2017.12.12"]
[SourceQuality "1"]

1. e4 c5 2. d4 cxd4 3. c3 d3 4. Bxd3 Nc6 5. Nf3 d6 6. h3 g6 7. 0-0 Bg7 8. Qe2 Qc7 9. Bf4 Nf6 10. Nbd2 Nd7 11. Bb5 0-0 12. Nc4 a6 13. Bxc6 Qxc6 14. Nd4 Qc7 15. Bg5 Re8 16. Rfd1 b5 17. Ne3 Nb6 18. Nd5 Nxd5 19. exd5 e5 20. dxe6 fxe6 21. a4 Bd7 22. axb5 e5 23. Nc6 Bxc6 24. Qc4+ Kh8 25. Qxc6 Qxc6 26. bxc6 Bf8 27. c7 Rec8 28. Bd8 Kg8 29. Rd5 Kf7 30. Rda5 Be7 31. Rxa6 Rxa6 32. Rxa6 Bxd8 33. cxd8Q Rxd8 34. Kf1 Rb8 35. b4 Rc8 36. Ra3 Ke6 37. Ke2 Kd5 38. Kd2 Kc4 39. Kc2 e4 40. Ra7 Rf8 41. Rc7+ Kb5 42. Kb3 Rxf2 43. c4+ Kb6 44. Re7 Rxg2 45. Rxh7 e3 46. Re7 e2 47. Ka4 Rh2 48. Re6 Kc7 49. Kb5 Rxh3 50. Rxe2 Rh5+ 51. c5 dxc5 52. bxc5 Rh1 53. Re7+ Kd8 54. Rg7 Rb1+ 55. Kc6 Ra1 56. Rg8+ Ke7 57. Kc7 Kf7 58. Rb8 Ke7 59. c6 g5 60. Kc8 Rh1 61. c7 g4 62. Kb7 Rb1+ 63. Ka6 Rc1 64. c8Q Rxc8 65. Rxc8 Ke6 66. Rc5 1-0

[Event "Rio de Janeiro CXG op 1st"]
[Site "Rio de Janeiro"]
[Date "2017.03.26"]
[Round "3"]
[White "Ramos, Angelo Bil"]
[Black "Ferreira, Jose Carlos"]
[Result "1-0"]
[WhiteElo "1934"]
[BlackElo "1840"]
[PlyCount "33"]
[EventDate "2017.03.25"]
[EventType "swiss"]
[EventRounds "6"]
[EventCountry "BRA"]
[SourceTitle "CBM 177 Extra"]
[Source "ChessBase"]
[SourceDate "2017.04.27"]
[SourceVersion "1"]
[SourceVersionDate "2017.04.27"]
[SourceQuality "1"]

1. e4 c5 2. Nf3 e6 3. c3 d5 4. exd5 Qxd5 5. d4 Nf6 6. Nbd2 Qd8 7. Bd3 Be7 8. 0-0 0-0 9. Qe2 Nc6 10. dxc5 Bxc5 11. Nb3 Be7 12. Bg5 Re8 13. Rad1 Qc7 14. h3 Nd5 15. Bb1 h6 16. Bc1 Bf8 17. Rxd5 1-0

[Event "Rio de Janeiro Tijuca op 1st"]
[Site "Rio de Janeiro"]
[Date "2017.03.12"]
[Round "3"]
[White "Ramos, Angelo Bil"]
[Black "Ferreira, Jose Carlos"]
[Result "1/2-1/2"]
[WhiteElo "1934"]
[BlackElo "1840"]
[PlyCount "91"]
[EventDate "2017.03.11"]
[EventType "swiss"]
[EventRounds "6"]
[EventCountry "BRA"]
[SourceTitle "CBM 177 Extra"]
[Source "ChessBase"]
[SourceDate "2017.04.27"]
[SourceVersion "1"]
[SourceVersionDate "2017.04.27"]
[SourceQuality "1"]

1. e4 c5 2. d4 cxd4 3. c3 dxc3 4. Nxc3 d6 5. Bc4 e6 6. Nf3 Nf6 7. Qe2 Be7 8. 0-0 Nc6 9. Bf4 0-0 10. Rad1 Ne8 11. Nb5 a6 12. Nxd6 Qa5 13. e5 Bxd6 14. exd6 Bd7 15. Rfe1 Kh8 16. Bb3 Qh5 17. Qd2 Qa5 18. Qe3 Nf6 19. Ne5 Nxe5 20. Bxe5 Ng4 21. Bxg7+ Kxg7 22. Qg3 Rg8 23. Qxg4+ Kf8 24. Qh4 Qg5 25. Qxg5 Rxg5 26. f4 Rc5 27. Kf2 Rac8 28. g4 a5 29. Rd2 a4 30. Bd1 Rc4 31. Kg3 f6 32. Re3 R8c5 33. h4 b5 34. Bf3 h6 35. a3 Rc1 36. Ree2 R5c4 37. Re4 Rg1+ 38. Rg2 Rxg2+ 39. Kxg2 Rc5 40. Re2 Rc4 41. f5 e5 42. Rd2 Ke8 43. Be2 Bc6+ 44. Kf2 Rf4+ 45. Kg3 Kd7 46. Bd1 1/2-1/2

[Event "Rio de Janeiro Tijuca op 1st"]
[Site "Rio de Janeiro"]
[Date "2017.03.11"]
[Round "1"]
[White "Fucs, Paulo Moses"]
[Black "Ferreira, Jose Carlos"]
[Result "1-0"]
[WhiteElo "2071"]
[BlackElo "1840"]
[PlyCount "81"]
[EventDate "2017.03.11"]
[EventType "swiss"]
[EventRounds "6"]
[EventCountry "BRA"]
[SourceTitle "CBM 177 Extra"]
[Source "ChessBase"]
[SourceDate "2017.04.27"]
[SourceVersion "1"]
[SourceVersionDate "2017.04.27"]
[SourceQuality "1"]

1. d4 f5 2. Qd3 d5 3. Nf3 e6 4. g3 Nf6 5. Bg5 Be7 6. Bxf6 Bxf6 7. Bg2 Nc6 8. 0-0 0-0 9. e3 Qe8 10. c4 Ne7 11. Nbd2 c6 12. Rab1 g5 13. Rfc1 a5 14. Qa3 Bd7 15. Rc2 Qg6 16. Qd3 Qf7 17. Ne5 Bxe5 18. dxe5 Ng6 19. f4 Rfc8 20. Rf1 Qe7 21. a3 Qd8 22. Kh1 h5 23. Qe2 g4 24. Rd1 Qb6 25. e4 c5 26. exd5 Ba4 27. b3 Bxb3 28. Nxb3 Qxb3 29. Qd3 Qb6 30. dxe6 Rd8 31. Bd5 Ne7 32. Rcd2 Rab8 33. h3 Kg7 34. Kh2 Qc7 35. a4 Kh6 36. Qb3 Nc6 37. Bxc6 Rxd2+ 38. Rxd2 Qxc6 39. e7 Qe4 40. Qb6+ Kh7 41. e8Q 1-0

[Event "Florianopolis op 2nd"]
[Site "Florianopolis"]
[Date "2016.01.19"]
[Round "6"]
[White "Ferreira, Jose Carlos"]
[Black "Caetano, Ryan Wesley da Cost"]
[Result "0-1"]
[WhiteElo "1891"]
[BlackElo "1673"]
[PlyCount "36"]
[EventDate "2016.01.16"]
[EventType "swiss"]
[EventRounds "10"]
[EventCountry "BRA"]
[SourceTitle "CBM 170 Extra"]
[Source "ChessBase"]
[SourceDate "2016.02.25"]
[SourceVersion "1"]
[SourceVersionDate "2016.02.25"]
[SourceQuality "1"]

1. d4 Nf6 2. Nf3 d6 3. g3 Nbd7 4. Bg2 c6 5. 0-0 e5 6. dxe5 dxe5 7. Bg5 Be7 8. Nc3 0-0 9. e4 h6 10. Bd2 Qc7 11. Ne1 Nc5 12. Qc1 b6 13. f4 Ba6 14. Rf2 Ng4 15. Rf3 Ne6 16. Nd3 Bxd3 17. cxd3 Bc5+ 18. Kf1 Nxh2+ 0-1

[Event "Florianopolis op 2nd"]
[Site "Florianopolis"]
[Date "2016.01.19"]
[Round "5"]
[White "Sztokbant, Bernardo Vainzoff"]
[Black "Ferreira, Jose Carlos"]
[Result "1-0"]
[WhiteElo "2222"]
[BlackElo "1891"]
[PlyCount "63"]
[EventDate "2016.01.16"]
[EventType "swiss"]
[EventRounds "10"]
[EventCountry "BRA"]
[SourceTitle "CBM 170 Extra"]
[Source "ChessBase"]
[SourceDate "2016.02.25"]
[SourceVersion "1"]
[SourceVersionDate "2016.02.25"]
[SourceQuality "1"]

1. e4 c5 2. Nf3 e6 3. d4 cxd4 4. Nxd4 a6 5. Bd3 Bc5 6. Nb3 Be7 7. 0-0 d6 8. Nc3 Nc6 9. f4 Nf6 10. a4 b6 11. Qf3 Bb7 12. Bd2 Qc7 13. Rae1 g6 14. Qh3 Nb4 15. Nd4 Nxd3 16. cxd3 Qd7 17. Nf3 b5 18. Nd1 Bc6 19. Bc3 Qb7 20. Ne3 Rf8 21. Ng5 0-0-0 22. Nxf7 Bd7 23. Nxd8 Bxd8 24. Bb4 Bc7 25. e5 Nd5 26. Bxd6 Bxd6 27. exd6 Qa7 28. Kh1 Nxe3 29. Rxe3 Qd4 30. axb5 axb5 31. Qf3 Bc6 32. Qxc6+ 1-0

[Event "Florianopolis op 2nd"]
[Site "Florianopolis"]
[Date "2016.01.18"]
[Round "4"]
[White "Ferreira, Jose Carlos"]
[Black "Resende, Lucas B Massucato"]
[Result "1-0"]
[WhiteElo "1891"]
[BlackElo "1661"]
[PlyCount "77"]
[EventDate "2016.01.16"]
[EventType "swiss"]
[EventRounds "10"]
[EventCountry "BRA"]
[SourceTitle "CBM 170 Extra"]
[Source "ChessBase"]
[SourceDate "2016.02.25"]
[SourceVersion "1"]
[SourceVersionDate "2016.02.25"]
[SourceQuality "1"]

1. d4 Nf6 2. c4 e6 3. Nc3 Bb4 4. e3 Ne4 5. Qc2 d5 6. Nge2 Nc6 7. cxd5 exd5 8. a3 Bxc3+ 9. Nxc3 Bf5 10. Bd3 Bg6 11. Nxe4 dxe4 12. Bxe4 Qd7 13. Bxg6 hxg6 14. Qe4+ Qe7 15. Qxe7+ Kxe7 16. Bd2 g5 17. Bc3 f6 18. f3 Rad8 19. Kf2 Kf7 20. Rad1 f5 21. h3 Rhe8 22. Rhe1 Re7 23. Rd2 Red7 24. Red1 Ne7 25. e4 g6 26. d5 a6 27. Bb4 Kf6 28. g3 Kf7 29. Bc5 Ke8 30. Be3 g4 31. hxg4 fxg4 32. Bg5 Kf7 33. Rh1 Kg7 34. Be3 Rg8 35. Bd4+ Kf8 36. Rh7 Rd8 37. Bf6 Re8 38. Rc2 c6 39. d6 1-0

[Event "Florianopolis op 2nd"]
[Site "Florianopolis"]
[Date "2016.01.17"]
[Round "3"]
[White "Ramirez, Jorge Guillermo"]
[Black "Ferreira, Jose Carlos"]
[Result "1/2-1/2"]
[WhiteElo "1558"]
[BlackElo "1891"]
[PlyCount "88"]
[EventDate "2016.01.16"]
[EventType "swiss"]
[EventRounds "10"]
[EventCountry "BRA"]
[SourceTitle "CBM 170 Extra"]
[Source "ChessBase"]
[SourceDate "2016.02.25"]
[SourceVersion "1"]
[SourceVersionDate "2016.02.25"]
[SourceQuality "1"]

1. e4 c5 2. Nc3 e6 3. d3 Nc6 4. Nf3 a6 5. g3 b5 6. Bg2 Bb7 7. 0-0 Qc7 8. Re1 Nge7 9. Bf4 d6 10. Qd2 Nd4 11. Ne2 Nxf3+ 12. Bxf3 Ng6 13. Be3 Be7 14. c3 0-0 15. d4 Rad8 16. Bg2 e5 17. Rac1 Bc8 18. f4 f5 19. fxe5 dxe5 20. d5 f4 21. gxf4 exf4 22. Nxf4 Ne5 23. Nd3 Bd6 24. Nxe5 Bxe5 25. h3 Bh2+ 26. Kh1 Be5 27. Rf1 Bd7 28. Rxf8+ Rxf8 29. Rf1 Rxf1+ 30. Bxf1 Qc8 31. Qg2 Qf8 32. Qf2 Qc8 33. Qg2 Qf8 34. Be2 b4 35. cxb4 cxb4 36. b3 Qd6 37. Bg4 Bf4 38. Bxd7 Bxe3 39. Be6+ Kf8 40. Qf1+ Qf4 41. Qxf4+ Bxf4 42. Kg2 Ke7 43. Kf3 Be5 44. Ke3 Kd6 1/2-1/2